| 000 | 00481nam a2200193Ia 4500 | ||
|---|---|---|---|
| 005 | 20260429112253.0 | ||
| 008 | 260429s9999||||xx |||||||||||||| ||und|| | ||
| 020 | _a9781804294680 | ||
| 041 | _aEnglish | ||
| 082 |
_a140 _bEAG |
||
| 100 | _aEagleton, Terry | ||
| 245 | 0 |
_aIdeology : _ban introduction / _cTerry Eagleton |
|
| 250 | _a1st ed. | ||
| 260 |
_aLondon : _bVerso, _c2024. |
||
| 300 | _axv, 242 p.; pbk | ||
| 650 | _a Strategies | ||
| 650 | _aIdeology | ||
| 942 | _cTB | ||
| 999 |
_c53234 _d53234 |
||